EÚ: Ekonomické vyhliadky sú poznačené menovým rozruchom
Odhady ekonomického rastu zverejňované exekutívou EÚ každých šesť mesiacov. Predpokladaný 3-perc. rast hrubého domáceho produktu v EÚ v roku 1995. Neružová perspektíva pre takmer 18 miliónov nezamestnaných v krajinách EÚ.
Salvato in:
| Autore principale: | |
|---|---|
| Natura: | Capitolo di libro |
| Lingua: | slovacco |
| Soggetti: | |
| Tags: |
Nessun Tag, puoi essere il primo ad aggiungerne!!
|
MARC
| LEADER | 00000naa a2200000 4500 | ||
|---|---|---|---|
| 001 | r019536 | ||
| 005 | 20221213100810.2 | ||
| 041 | 0 | |a slo | |
| 044 | |a SK | ||
| 245 | 1 | 0 | |a EÚ: Ekonomické vyhliadky sú poznačené menovým rozruchom |c R. Hajšel |
| 520 | |a Odhady ekonomického rastu zverejňované exekutívou EÚ každých šesť mesiacov. Predpokladaný 3-perc. rast hrubého domáceho produktu v EÚ v roku 1995. Neružová perspektíva pre takmer 18 miliónov nezamestnaných v krajinách EÚ. | ||
| 610 | 2 | 0 | |a rast hospodársky |
| 610 | 2 | 0 | |a produkt domáci hrubý |
| 610 | 2 | 0 | |a nezamestnanosť |
| 610 | 2 | 0 | |a prognózy hospodárske |
| 610 | 2 | 0 | |a Európska únia |
| 100 | 1 | |a Hajšel, R. | |